00562 2200193 4500001002100000005001500021035002000036245006100056100001600117250001700133300003200150260003900182082000800221084001500229020002200244600001500266520004600281008004100327INLIS00000000000088320250710113032 a0010-01250000561 aLangkah Tepat Menuju Olimpiade Matematika /cJanu Ismadi0 aJanu Ismadi acetakan ke-1 avi, 98 hlm :bIlus ;c24 cm aJakarta :bAzka Mulia Media,c2007 a510 a510 JAN l a978-979-121-103-1 4amatematika aLangkah tepat menuju olimpiade matematika250710 0